00354nam a2200121 a 45000010005000000030005000050050017000100080041000270400020000681000020000882450100001082600024002081939CDMR20130709123120.0130130s1973||||||||||||||||||||||||||||d aCDMRbcatcCDMR1 aRousseau, G. G.13aLa communicationb: son rôle dans le travail social et éducatif et la rencontre personnelle aParisc1973bPrivat